000 01208nam2a22002171 4500
001 v19\rc\1251259
005 20250617235146.0
035 _a(NLR Aleph) 004407452
090 _a3959267
_c3959267
100 _a20060306f18891915|||y0rusy50 ca
101 0 _arus
102 _aRU
105 _ay z |||||
200 0 _a... за 1889
215 _a112, [1] с.
461 0 _1001v19\rc\1251258
_12001#$aУказатель книг, журнальных и газетных статей по сельскому хозяйству за 1889-1911$fСост. А.Д. Педашенко$gДеп. зем. и сельск. промышленности$v... за 1889$90
_1700#1$aПедашенко$bА.Д.$f1864-1925$gАлександр Дмитриевич$4220
_93959258
_aПедашенко, А.Д. (1864-1925)
_cСанкт-Петербург
_d[1889]-1915
_fСост. А.Д. Педашенко
_nтип. В. Киршбаума
_p19 т.
_tУказатель книг, журнальных и газетных статей по сельскому хозяйству за 1889-1911
_v... за 1889$90
801 0 _aRU
_bNLR
_gpsbo
801 1 _aRU
_bProSoft-M
_2rusmarc
852 _aNLR
_bС
_j361-410/П-24
942 _cBOOK
980 _aNB